| 000 | 00695nmc a2200277 a 4500 | ||
|---|---|---|---|
| 003 | AR-BaBNM | ||
| 005 | 20251128211631.0 | ||
| 008 | 175020s1990 ||||||||||||||000 | spa|| | ||
| 020 | _a950-9003-89-1 | ||
| 040 | _cAR-BaBNM | ||
| 245 | 1 | 0 | _aExplorando el mundo que nos rodea |
| 250 | _a2ยช ed. | ||
| 260 |
_aBuenos Aires _bAique Grupo Editor _c1990 |
||
| 300 | 0 | _a16 p. | |
| 490 | 0 | _aLa bibliotequita. Primer estante | |
| 650 | 4 | _aLIBROS PARA NINOS | |
| 650 | 4 | _aBIOLOGIA | |
| 650 | 4 | _aLITERATURA INFANTIL | |
| 650 | 4 | _aBOTANICA | |
| 650 | 4 | _aZOOLOGIA | |
| 650 | 4 | _aALIMENTOS | |
| 655 | _aLITERATURA | ||
| 700 | 1 |
_aForte, Daniel _eilustrador |
|
| 942 | _cBK | ||
| 998 | _cmartin | ||
| 999 |
_c20519 _d20519 |
||